000 00513cam a22002171 4500
001 sa 67007075
003 DLC
005 20260227112412.0
008 890823s1961 ii 000 0 hino
010 _asa 67007075
035 _a(OCoLC)20236587
040 _aDLC
_cWaU
_dDLC
042 _apremarc
050 0 0 _aPK2098.C5259
_bM33
100 1 _aCaturvedī, Makhanalāla,
_d1889-1968.
245 1 0 _aMātā.
260 _c[1961 or 2]
300 _a160 p.
_c23 cm.
500 _aIn Hindi.
500 _aPoems.
999 _c76341
_d76341